Le Nouvel Espaces 2
Сохранить в:
| Формат: | |
|---|---|
| Метки: |
Добавить метку
Нет меток, Требуется 1-ая метка записи!
|
| Thư viện lưu trữ: | Mạng thư viện Đại học Đà Nẵng |
|---|
| LEADER | 00407nam a22001691a 4500 | ||
|---|---|---|---|
| 001 | 000036403 | ||
| 003 | 12698 | ||
| 005 | 20160408151544.0 | ||
| 008 | 160408s0 000 | ||
| 082 | |a 4P(07) 13-14 | ||
| 245 | |a Le Nouvel Espaces 2 |c Guy Capella | ||
| OWN | |a LNN | ||
| 999 | |a From the UDN01 | ||
| TYP | |a Monograph | ||
| 980 | |a Mạng thư viện Đại học Đà Nẵng | ||